Gases Nobles - Estadísticas

Estadísticas generales
  • Esta prueba ha sido intentada 2.785 veces
  • La puntuación promedio es 5 de 6
Estadísticas de respuestas
# Símbolo Elemento % Correcto
2 He Helio
93%
54 Xe Xenón
83%
10 Ne Neón
82%
18 Ar Argón
78%
86 Rn Radón
70%
36 Kr Kriptón
67%
No se encontraron pruebas coincidentes
Distribución de puntuación
Porcentaje de gente con cada puntuación
Porcentaje por número respondido
Historial de tus puntuaciones
No has intentado esta prueba.